| 000 | 00603nab a2200181 4500 | ||
|---|---|---|---|
| 001 | 244442 | ||
| 003 | OSt | ||
| 005 | 20241029110417.0 | ||
| 007 | tu | ||
| 008 | 200917s2020||||||| | ||
| 040 |
_aDE-2950 _cDE-2950 |
||
| 245 | 0 | 0 |
_aZum dritten Mal fällt der Auktionshammer _bVersteigerung. Die KUK GmbH lädt am Sonnabend in Frankfurt wieder zu Bietergefechten ein. Über 140 Werke sind im Angebot/ _cRobert Iwanetz |
| 264 | _c2024 | ||
| 653 | _aFrankfurt (Oder) | ||
| 653 | _aKunstauktion | ||
| 773 | 0 |
_g35. Jahrgang (2024) Nr. 248 vom 23.10.2024, S. 15 mit Foto _tMärkische Oderzeitung |
|
| 942 |
_2z _cA |
||
| 999 |
_c373435 _d373435 |
||